| 000 | 00377nam a22001697a 4500 | ||
|---|---|---|---|
| 003 | OSt | ||
| 005 | 20210915111037.0 | ||
| 008 | 210915b |||||||| |||| 00| 0 eng d | ||
| 020 | _a0937294365 | ||
| 040 | _cHU | ||
| 082 | _a060/REF/ | ||
| 100 |
_aJOHN L. PLACE _93947 |
||
| 245 | _aPECORA VII SYMPOSIUM | ||
| 260 |
_aAMERICA _c1982 |
||
| 300 | _a619P | ||
| 942 |
_2ddc _cBOOKS _n0 |
||
| 999 |
_c4101 _d4101 |
||